00407nam a2200133Ia 4500008004100000020001600041050002800057100002300085245005000108260004400158300002300202440003500225520001300260150610s9999 xx 000 0 und d a0 448089491 aPS3507b.I9274 H37 1970 aDixon, Franklin W. 4aThe bombay boomerang /cby Franklin W. Dixon. aNew York : bGrosset & Dunlap,c1970. a180pages ;c20 cm. aHardy boy mystery stories ; 49 aFiction.